Principles of modern physics
Tallennettuna:
| Päätekijä: | |
|---|---|
| Aineistotyyppi: | Kirja |
| Kieli: | Undetermined |
| Julkaistu: |
Oxford, UK.
Alpha Science International Ltd.
2005
|
| Aiheet: | |
| Tagit: |
Lisää tagi
Ei tageja, Lisää ensimmäinen tagi!
|
| Thư viện lưu trữ: | Trung tâm Học liệu Trường Đại học Cần Thơ |
|---|
| LEADER | 00519nam a2200193Ia 4500 | ||
|---|---|---|---|
| 001 | CTU_129034 | ||
| 008 | 210402s9999 xx 000 0 und d | ||
| 020 | |c 1138000 | ||
| 082 | |a 539 | ||
| 082 | |b S272 | ||
| 100 | |a Saxena, Ajay K. | ||
| 245 | 0 | |a Principles of modern physics | |
| 245 | 0 | |c Ajay K Saxena | |
| 260 | |a Oxford, UK. | ||
| 260 | |b Alpha Science International Ltd. | ||
| 260 | |c 2005 | ||
| 650 | |a Physics,Vật lý học | ||
| 904 | |i Minh | ||
| 980 | |a Trung tâm Học liệu Trường Đại học Cần Thơ | ||